| 000 | 00622nam a22001817i 4500 | ||
|---|---|---|---|
| 999 |
_c23376 _d23376 |
||
| 003 | AR-CdUCM | ||
| 008 | 250829b20182018 pe||||| |||| 00| 0 spa d | ||
| 040 |
_aMUNICIPALIDAD PROVINCIAL DEL CUSCO _cBIBLIOTECA MUNICIPAL DEL CUSCO |
||
| 041 | _hspa | ||
| 082 |
_a869.56 / R6376P _bR6376P |
||
| 100 |
_aRíos Zamalloa, Jorge _92949 |
||
| 245 |
_aEl peso de la conciencia maldita : _bWillakuy / |
||
| 260 |
_aCusco : _bAutor-Editor _c2018 |
||
| 300 |
_a127 páginas. : _c20x15 cm. |
||
| 505 | _aEl cadaver ponzoñoso -- Jaimito Valerio -- El gran tribunal -- El gran diablo | ||
| 942 |
_2ddc _cLIBROS |
||
| 945 |
_apbjr _d29-08-2025 |
||